000 00418nam a2200169Ia 4500
008 170705s9999 xx 000 0 und d
020 _a9780439521536
245 _aGiggle, giggle, quack /
245 _cDoreen Cronin ; pictures by Betsy Lewin.
260 _aNew York :
260 _bScholastic,
260 _c2002
300 _aunpaged :
300 _bcolor illustration ;
300 _c26cm.
500 _a330
999 _c335493
_d335493